Automatizované systémy riadenia '76

Bibliographic Details
Format: Book
Language:Slovak
PhysicalDescription:221 s. 20 cm
Published: Bratislava Dom techniky SVTS 1976
Subjects:

MARC

LEADER 00000cam a2200000 a 4500
001 vtls001163133
003 SK-MaSNL
005 20260301063301.0
008 250414s1976 xo gr 00000 slo
020 |q (brož.) 
035 |a SNK000106043 
040 |a SNK  |b slo  |c SNK  |e AACR2 
041 0 |a slo 
044 |a xo  |c SK 
072 7 |a 681.5  |x Automatizačná a riadiaca technika  |2 konspekt 
080 |a 681.51(08)  |2 1981 
080 |a 681.51  |2 2011 
080 |a (082)  |2 2011 
245 0 0 |a Automatizované systémy riadenia '76  |c zodp. red. Hedviga Styková 
260 |a Bratislava  |b Dom techniky SVTS  |c 1976 
300 |a 221 s.  |c 20 cm 
650 0 7 |a automatizované systémy riadenia  |2 SNKPH  |9 28612 
655 7 |a zborníky  |2 SNKPH  |9 70165 
700 1 |a Styková, Hedviga  |4 lso  |9 279468 
852 |a Slovenská národná knižnica 
954 |a odborná, vedecká literatúra pôvodná (slovenská)  |2 lita 
958 |a OND 
958 |a TL 
958 |a ZB 
999 |c 623521  |d 625451 
952 |a SNK  |b SNK  |y VYP  |7 0  |p 17A1116953  |o snkSc 39833 D1  |i snkD 3163/90  |8 1  |0 0  |1 0  |4 0  |d 2014-11-25  |l 0  |r 2026-02-23 17:02:24  |w 2026-02-23